| 000 | 00974nam a22002537a 4500 | ||
|---|---|---|---|
| 005 | 20170124102953.0 | ||
| 010 | _aB-002702 | ||
| 020 |
_c90.00 _a8187465026 |
||
| 035 | _aB-002702 | ||
| 037 | _bCen Lib/Ret | ||
| 040 |
_aDPL _bHN |
||
| 082 |
_aक _bमदान |
||
| 100 |
_aमदान, आदर्श _952236 |
||
| 245 |
_aपलाश के फूल / _cआदर्श मदान |
||
| 246 |
_aPalash ke phool / _bby Adarsh Madaan |
||
| 260 |
_aजयपुर _bविवेक पब्लिशिंग हाउस _c1999 |
||
| 270 |
_bजयपुर _aधमनी मार्किट, चौड़ा रास्ता |
||
| 300 |
_a96पृ. _c20सेमी(सजिल्द ) |
||
| 650 |
_aहिंदी साहित्य _x _z _952237 |
||
| 650 |
_aहिंदी कहानियां _92082 |
||
| 650 |
_aHindi literature _v _952238 |
||
| 650 |
_aHindi stories _952239 |
||
| 942 |
_2ddc _cHN _hक _mमदान |
||
| 999 |
_c113438 _d113438 |
||